Lyotard y lo inhumano

Tallennettuna:
Bibliografiset tiedot
Päätekijä: Sim, Stuart (Tekijä)
Aineistotyyppi: Kirja
Kieli:espanja
Julkaistu: Barcelona Gedisa 2004
Painos:1a. ed
Sarja:Encuentros Contemporáneos
Aiheet:
Tagit: Lisää tagi
Ei tageja, Lisää ensimmäinen tagi!

MARC

LEADER 00000nam a2200000 a 4500
001 UCK4423
003 CL-VaPUC
005 20210611103124.0
008 050603e20040900SP |||||||||||||||||spa|d
999 |c 313299  |d 313297 
020 |a 8497840569 
040 |c Pontificia Universidad Católica de Valparaíso 
082 0 4 |a 190  |b SIM  |2 21 
100 0 |a Sim, Stuart  |e author  |9 492954 
245 1 0 |a Lyotard y lo inhumano 
250 |a 1a. ed 
260 |a Barcelona  |b Gedisa  |c 2004 
300 |a 87 p 
490 0 |a Encuentros Contemporáneos 
583 |a last modification  |c 20050603 00:00:00  |k Rodrigo Vera 
600 |a Lyotard, Jean-François,  |d 1924-1998  |9 861367 
650 0 |a Humanismo  |9 256530 
650 0 |a Filosofía contemporánea  |9 265372 
942 |c BK  |2 ddc 
945 |d 20050603 00:00:00  |a jcarroza 
952 |0 0  |1 2  |4 0  |6 190_000000000000000_SIM_2004  |7 0  |8 A  |9 384562  |a BIBTEO  |b BIBTEO  |d 2019-11-22  |i 4135431  |o 190 SIM 2004  |p 4135431  |r 2019-11-22  |w 2019-11-22  |y BK  |k ICR